|
|
|
|
| LEADER |
00000nam0a2200000 4500 |
| 001 |
53029 |
| 005 |
20231101211412.0 |
| 035 |
|
|
|a (RuTPU)RU\TPU\book\55608
|
| 090 |
|
|
|a 53029
|
| 100 |
|
|
|a 20030610d1966 km y0rusy50 ca
|
| 101 |
0 |
|
|a rus
|
| 102 |
|
|
|a RU
|
| 105 |
|
|
|a a z 001zy
|
| 200 |
1 |
|
|a Закономерности искривления и направленное бурение геолого-разведочных скважин
|f С. С. Сулакшин
|
| 210 |
|
|
|a Москва
|c Недра
|d 1966
|
| 215 |
|
|
|a 293 с.
|c ил.
|
| 318 |
|
|
|5 63413507
|a Бурение скважин
|b выставка
|
| 320 |
|
|
|a Библиогр.: с. 285-291
|
| 330 |
|
|
|a В работе подробно рассматриваются теоретические и практические вопросы, связанные с закономерностями и причинами искривления скважин при бурении твердосплавными, дробовыми и алмазными коронками, а также при ударно-вращательном бурении гидроударниками. Дается методика выявления закономерностей искривления скважин. Освещаются некоторые вопросы методики разведки месторождений полезных ископаемых при направленном бурении, приводятся основные профили направленных одно- и многоствольных скважин, способы их профилирования и типовые схемы их разведки. Кратко описываются средства и технология направленного бурения и в заключение приводятся методика и опыт направленного бурения разведочных скважин. Книга рассчитана на широкий круг работников геологоразведочной службы и может быть полезна для работников научно-исследовательских учреждений и студентов геологоразведочных специальностей.
|
| 606 |
1 |
|
|a Полезные ископаемые
|x Поиски и разведка
|x Техника
|2 stltpush
|3 (RuTPU)RU\TPU\subj\70490
|9 84735
|
| 610 |
1 |
|
|a геология
|
| 610 |
1 |
|
|a буровые скважины
|
| 610 |
1 |
|
|a искривления
|
| 610 |
1 |
|
|a разведочное бурение
|
| 610 |
1 |
|
|a причины
|
| 610 |
1 |
|
|a классификация
|
| 610 |
1 |
|
|a проектирование
|
| 610 |
1 |
|
|a способы
|
| 610 |
1 |
|
|a средства
|
| 610 |
1 |
|
|a труды учёных ТПУ
|
| 610 |
1 |
|
|a коллекция ТПУ
|
| 675 |
|
|
|a 550.82
|v 3
|
| 700 |
|
1 |
|a Сулакшин
|b С. С.
|c российский геолог
|c Заслуженный профессор Томского политехнического университета
|f 1919-2011
|g Степан Степанович
|2 stltpush
|3 (RuTPU)RU\TPU\pers\13908
|
| 801 |
|
1 |
|a RU
|b 63413507
|c 20030610
|g PSBO
|
| 801 |
|
2 |
|a RU
|b 63413507
|c 20221028
|g PSBO
|
| 900 |
|
|
|a Бурение разведочных скважин
|
| 900 |
|
|
|a Направленное бурение
|
| 942 |
|
|
|c BK
|